| Tag |
First Indicator |
Second Indicator |
Subfields |
| LEADER |
00000cam a2200000 a 4500 |
| 001 |
in00001617607 |
| 005 |
20151023054806.0 |
| 008 |
001115s2001 mau b 001 0 eng |
| 010 |
|
|
|a 00054012
|
| 015 |
|
|
|a GBA1-Y5527
|
| 020 |
|
|
|a 067400471X
|
| 029 |
1 |
|
|a UKM
|b bA1Y5527
|
| 035 |
|
|
|a (OCoLC)ocm45413548
|
| 040 |
|
|
|a DLC
|c DLC
|d UKM
|d C#P
|d UtOrBLW
|
| 043 |
|
|
|a a-vt---
|a n-us---
|a n-cn---
|
| 049 |
|
|
|a TXAM
|
| 050 |
0 |
0 |
|a DS559.8.D7
|b H33 2001
|
| 082 |
0 |
0 |
|a 959.707/704/38
|
| 100 |
1 |
|
|a Hagan, John,
|d 1946-
|
| 245 |
1 |
0 |
|a Northern passage :
|b American Vietnam War resisters in Canada /
|c John Hagan.
|
| 264 |
|
1 |
|a Cambridge, MA :
|b Harvard University Press,
|c 2001.
|
| 300 |
|
|
|a xiii, 269 pages ;
|c 24 cm.
|
| 336 |
|
|
|a text
|b txt
|2 rdacontent
|
| 337 |
|
|
|a unmediated
|b n
|2 rdamedia
|
| 338 |
|
|
|a volume
|b nc
|2 rdacarrier
|
| 504 |
|
|
|a Includes bibliographical references (pages 243-263) and index.
|
| 650 |
|
0 |
|a Vietnam War, 1961-1975
|x Draft resisters
|z United States.
|
| 650 |
|
0 |
|a Vietnam War, 1961-1975
|x Desertions
|z United States.
|
| 650 |
|
0 |
|a Vietnam War, 1961-1975
|x Protest movements
|z United States.
|
| 650 |
|
0 |
|a Americans
|z Canada.
|
| 651 |
|
0 |
|a Canada
|x Emigration and immigration.
|
| 651 |
|
0 |
|a United States
|x Emigration and immigration.
|
| 650 |
|
0 |
|a Amnesty
|z United States.
|
| 651 |
|
4 |
|a Canada
|x Emigration and immigration
|z United States.
|
| 651 |
|
4 |
|a United States
|x Emigration and immigration
|z Canada.
|
| 945 |
|
|
|i PromptCat
|
| 948 |
|
|
|a cataloged
|b h
|c 2001/6/26
|d c
|e cmulkey
|f 8:11:21 am
|
| 994 |
|
|
|a 92
|b TXA
|
| 999 |
|
|
|a MARS
|
| 999 |
f |
f |
|s 6ef47e46-0984-3fde-8905-fb6a0dcae47c
|i b317e4ef-3136-3ecd-a2b3-95f8e68773db
|t 0
|
| 952 |
f |
f |
|p normal
|a Texas A&M University
|b College Station
|c Sterling C. Evans Library
|d Evans: Library Stacks
|t 0
|e DS559.8.D7 H33 2001
|h Library of Congress classification
|i unmediated -- volume
|m A14827736174
|
| 998 |
f |
f |
|a DS559.8.D7 H33 2001
|t 0
|l Evans: Library Stacks
|